000 00605nam a2200241Ia 4500
003 OSt
005 20220918193209.0
006 a|||||r|||| 00| 0
007 ta
008 220917b |||||||| |||| 00| 0 eng d
024 _a72,231
037 _cTextual
040 _aARTS
_cARTS
_beng
041 _2eng
_aeng
082 _aR411, K5
245 0 _aProblem of truth
260 _aNew Orleans
_bTulane Univ
_c1965
300 _a110p. illus
_ccm.
490 _aTulane studies in philosophy; 14
650 _aTRUTH
_981216
942 _hR411, K5
_cTEXL
_2CC
999 _c198235
_d198235